| 000 | 00595nam a2200205Ia 4500 | ||
|---|---|---|---|
| 999 |
_c1120 _d1120 |
||
| 003 | OSt | ||
| 005 | 20210527051137.0 | ||
| 008 | 151015s9999 xx 000 0 und d | ||
| 020 | _a27370379 | ||
| 040 |
_aMMU _beng. _cMMU _dMMU |
||
| 050 | _aHF5549.C7262 2006 | ||
| 100 | _aPilbeam, Stephen | ||
| 245 |
_aPeople Resourcing Contemporary HRM in Practice/ _cPilbeam Stephen. |
||
| 250 | _a3rd ed. | ||
| 260 |
_aLondon : _bPrentice-Hall, _c 2006. |
||
| 500 | _aIncludes Index | ||
| 650 |
_a_Human Resource Management _952 |
||
| 700 | _a^d20110126 10:03:37^okilerai | ||
| 942 |
_2lcc _cLOAN LOAN |
||